000
00296nam a2200133Ia 4500
008
240624s9999 xx 000 0 und d
041
_a
eng
082
_a
823 MAR
100
_a
ATWOOD MARGARET
245
_a
EDIBLE WOMAN
260
_c
2009
_a
Canada
_b
Little
300
_a
368 : p.
365
_c
_b
25
999
_c
20257
_d
20257